000 00508nam a2200169Ia 4500
003 3228
005 20250612110637.0
008 210817s9999 xx e 000 1 AFR d
020 _a9780798133876
_qPaperback (pbk)
040 _aRDA
_c3228
082 _aAF BAKK
100 _aBakkes, Margaret
_959604
245 0 _aDie Reise van Olga Dolsjikowa en ander omswerwinge
_cMargaret Bakkes
260 _aKaapstad Johannesburg Pretoria
_bHuman & Rousseau
_c1995
300 _a100 Pages;
_e21 cm.
942 _cBK
_2ddc
_y245
_zIzakina Blanche
999 _c199222
_d199221